La responsabilidad por abordaje entre buques equipados con radar / Santiago Hernández Yzal ; prólogo de Antonio Polo Díez...
Publicado:
Barcelona :
Facultad de Derecho de la Universidad de Barcelona. Cátedra Consulado del Mar : bajo el Patrocinio de la Excma. Diputación Provincial de Barcelona ,
1964
Descripción Física:
XXVI, 706 p, ; 24 cm
Materias:
Abordatge
MARC
| LEADER | 00000nam a2200000Ia 4500 | ||
|---|---|---|---|
| 001 | 1796 | ||
| 003 | BGR | ||
| 005 | 20260324175336.0 | ||
| 008 | 160829s1964 xx 000 0 cat d | ||
| 080 | |a D-1-58 | ||
| 100 | 1 | |a Hernàndez i Yzal, Santiago, |d 1921-2008 |9 28038 | |
| 245 | |a La responsabilidad por abordaje entre buques equipados con radar / Santiago Hernández Yzal ; prólogo de Antonio Polo Díez... | ||
| 260 | |a Barcelona : |b Facultad de Derecho de la Universidad de Barcelona. Cátedra Consulado del Mar : |b bajo el Patrocinio de la Excma. Diputación Provincial de Barcelona, |c 1964 | ||
| 300 | |a XXVI, 706 p, ; |c 24 cm | ||
| 650 | 0 | |a Abordatge |9 28039 | |
| 700 | |a Polo Díez, Antonio, pr. |9 28040 | ||
| 700 | |a Universitat de Barcelona. Cátedra Consulat del Mar |9 28041 | ||
| 710 | 1 | |a Barcelona (Catalunya : Província). |b Diputació |9 52408 | |
| 901 | |a Arxiu | ||
| 942 | |n 1 |2 udc |c MON | ||
| 952 | |0 0 |1 0 |4 0 |6 D158 |7 1 |9 44643 |a Arxiu |b Arxiu |d 2016-12-01 |l 0 |o D-1-58 |p 1796 |r 2016-12-01 00:00:00 |w 2016-12-01 |y ARXIU | ||
| 999 | |c 47224 |d 47224 | ||